000 00259nam a2200097Ia 4500
005 20251222114405.0
008 251222s1900||||xx |||||||||||||| ||spa||
082 _aDVD191.1/U61/2005
245 0 _aMiércoles empresariales: planeamiento estratégico.
942 _cDVD
999 _c1804
_d1804